000 00457nam a2200097Ia 4500
008 180130s9999 xx 000 0 und d
245 _cMcCurdy, Merilee; Coutts, Michael J.; Sheridan, Susan M.; Campbell, Lindsay M.
_aEcological variables in school-based assessment and intervention planning
260 _c2013
300 _aBook title: Assessment for intervention : a problem-solving approach--Acession number C17203; pages 39-61
650 _aSCHOOL PSYCHOLOGY
999 _c353707
_d353707